| 000 | 00375 a2200157 4500 | ||
|---|---|---|---|
| 001 | 191243 | ||
| 020 | _a978-85-99885-85-7 | ||
| 040 | _cMagnum | ||
| 100 | _aMenezes, Delba de Avelar | ||
| 240 | 1 | 0 |
_aA bruxa que caiu em tentação _lpor |
| 245 | 1 | 0 | _aA bruxa que caiu em tentação |
| 300 | _a20 | ||
| 362 | 0 | _a2009 | |
| 697 | _aLITERATURA INFANTO-JUVENIL | ||
| 942 | _cBK | ||
| 999 |
_c191243 _d191243 |
||